LIBRARY & INFORMATION CENTRE, KCAET, TAVANUR

ONLINE PUBLIC ACCESS CATALOGUE (OPAC)

Industrial Wiring / (Record no. 1954)

MARC details
000 -LEADER
fixed length control field 00365cam a2200145ua 4500
003 - CONTROL NUMBER IDENTIFIER
control field OSt
008 - FIXED-LENGTH DATA ELEMENTS--GENERAL INFORMATION
fixed length control field 241224b |||||||| |||| 00| 0 eng d
082 ## - DEWEY DECIMAL CLASSIFICATION NUMBER
Classification number 621.319
Item number POL/IN
100 ## - MAIN ENTRY--AUTHOR NAME
Personal name Polyakov, G .
245 ## - TITLE STATEMENT
Title Industrial Wiring /
260 ## - PUBLICATION, DISTRIBUTION, ETC. (IMPRINT)
Place of publication Moscow :
Name of publisher Progress Publishers ,
Year of publication 1961.
300 ## - PHYSICAL DESCRIPTION
Number of Pages 309 ; .
700 1# - ADDED ENTRY--PERSONAL NAME
Personal name Kovarsky, A .
942 ## - ADDED ENTRY ELEMENTS (KOHA)
Koha item type Books
Holdings
Withdrawn status Lost status Damaged status Home library Current library Date acquired Full call number Accession Number Koha item type
      KAUAET KAUAET 07/04/2012 621.319 POL/IN 11215 Books
free website counter